[Event "POL-chT4 Kujawsko-Pomorskie 1516"]
[Site "Poland"]
[Date "2016.01.31"]
[Round "6"]
[White "Wojcicki, Mateusz"]
[Black "Jeziorny, Janusz"]
[Result "1/2-1/2"]
[WhiteElo "1862"]
[BlackElo "1780"]
[PlyCount "257"]
[EventDate "2015.11.08"]
[EventType "team-tourn"]
[EventRounds "11"]
[EventCountry "POL"]
[SourceTitle "EXT 2019"]
[Source "ChessBase"]
[SourceDate "2018.10.10"]
[SourceVersion "1"]
[SourceVersionDate "2018.10.10"]
[SourceQuality "1"]

1. e4 c6 2. d4 d5 3. e5 Bf5 4. g4 Bd7 5. f4 e6 6. Nf3 Qb6 7. c3 c5 8. b3 Nc6 9. Be3 cxd4 10. cxd4 Rc8 11. Bd3 Nb4 12. Kf2 Nxd3+ 13. Qxd3 h5 14. gxh5 Rxh5 15. Rg1 Ne7 16. Nc3 Nf5 17. Ne2 Bb5 18. Qd1 Bxe2 19. Kxe2 Qa6+ 20. Kf2 Rh3 21. Qd2 Ba3 22. Kg2 Rh8 23. Bf2 Rc6 24. Rad1 Ke7 25. Kh1 Qb5 26. Be1 a5 27. Qf2 a4 28. bxa4 Qxa4 29. Rb1 b5 30. Qe2 Nxd4 31. Nxd4 Qxd4 32. Rxb5 Qc4 33. Rb7+ Kd8 34. Rb8+ Rc8 35. Qxc4 dxc4 36. Rxc8+ Kxc8 37. Rxg7 Bb2 38. Rg2 c3 39. Rc2 Rh3 40. Bg3 Kb7 41. Kg2 Rh8 42. Kf3 Kb6 43. Be1 Kb5 44. Bxc3 Bxc3 45. Kg4 Kc4 46. h4 Kd3 47. Rc1 Rg8+ 48. Kf3 Ra8 49. Rb1 Rxa2 50. Rb7 f6 51. exf6 Bxf6 52. Rb6 Bxh4 53. Rxe6 Bf2 54. f5 Bd4 55. Re8 Rf2+ 56. Kg4 Kc4 57. Kg5 Kd5 58. Ra8 Rg2+ 59. Kf4 Be5+ 60. Kf3 Rg3+ 61. Kf2 Ke4 62. Re8 Rf3+ 63. Ke2 Rxf5 64. Ra8 Rh5 65. Rg8 Rh2+ 66. Kf1 Kf3 67. Ke1 Ke3 68. Kf1 Bf4 69. Rg2 Rh1+ 70. Rg1 Rh8 71. Rg2 Ra8 72. Re2+ Kd3 73. Re6 Ra2 74. Re8 Be3 75. Rf8 Rh2 76. Rf7 Ke4 77. Rf8 Bf4 78. Kg1 Ra2 79. Re8+ Kf3 80. Re1 Rg2+ 81. Kh1 Rh2+ 82. Kg1 Rh8 83. Rf1+ Kg3 84. Re1 Ra8 85. Rb1 Be3+ 86. Kf1 Kf3 87. Ke1 Ra2 88. Kd1 Rd2+ 89. Ke1 Rc2 90. Kd1 Rc8 91. Ke1 Rh8 92. Kd1 Rh2 93. Rb7 Rd2+ 94. Ke1 Rc2 95. Rb1 Bd4 96. Rb3+ Be3 97. Rb1 Rg2 98. Kd1 Ke4 99. Rb3 Kd4 100. Ke1 Ke4 101. Kd1 Bd4 102. Ke1 Kd5 103. Rf3 Kc4 104. Kd1 Bc3 105. Rh3 Rd2+ 106. Kc1 Kb3 107. Rf3 Re2 108. Rf1 Ra2 109. Kd1 Rg2 110. Rf3 Kc4 111. Rh3 Rd2+ 112. Kc1 Re2 113. Rf3 Rd2 114. Rh3 Re2 115. Rf3 Kb3 116. Rf1 Re3 117. Kd1 Kc4 118. Rh1 Kd3 119. Rf1 Bd4 120. Kc1 Re2 121. Rf3+ Be3+ 122. Kb1 Kc3 123. Rh3 Kb3 124. Rh1 Rb2+ 125. Ka1 Ra2+ 126. Kb1 Rg2 127. Rf1 Bd4 128. Kc1 Ra2 129. Kd1 1/2-1/2

[Event "POL-chT3 Kujawsko Pomorskie 1011"]
[Site "Poland"]
[Date "2011.02.27"]
[Round "7.31"]
[White "Wojcicki, Mateusz"]
[Black "Myzyk, Jan"]
[Result "0-1"]
[WhiteElo "1877"]
[BlackElo "2116"]
[PlyCount "80"]
[EventDate "2010.11.07"]
[EventType "team-tourn"]
[EventRounds "11"]
[EventCountry "POL"]
[SourceTitle "EXT 2019"]
[Source "ChessBase"]
[SourceDate "2018.10.10"]
[SourceVersion "1"]
[SourceVersionDate "2018.10.10"]
[SourceQuality "1"]

1. e4 d6 2. d4 g6 3. c3 Bg7 4. Nf3 Nf6 5. Bd3 0-0 6. 0-0 Nc6 7. d5 Nb8 8. c4 Nbd7 9. Nc3 Nc5 10. Bc2 a5 11. Be3 b6 12. Nd4 e5 13. Nc6 Qd7 14. Bxc5 bxc5 15. f3 Ba6 16. Ba4 Nh5 17. Nxe5 Qe7 18. Nc6 Qg5 19. Bb5 Bb7 20. Kh1 Bxc6 21. Bxc6 Rab8 22. Qc1 Qh4 23. Qe1 Qe7 24. Rb1 Nf4 25. Qd2 Nh5 26. Nb5 Qh4 27. Qf2 Qe7 28. Qd2 Qh4 29. Qe1 Qe7 30. Qxa5 Be5 31. Qe1 Qg5 32. Nc3 Ng3+ 33. Kg1 Nxf1 34. Qxf1 Qe3+ 35. Kh1 Bxc3 36. bxc3 Rxb1 37. Qxb1 Qxc3 38. Bb5 f5 39. exf5 Rxf5 40. Bd7 Re5 0-1

[Event "POL-chT3 Kujawsko Pomorskie 1011"]
[Site "Poland"]
[Date "2011.01.23"]
[Round "5.31"]
[White "Ozorowski, Edward"]
[Black "Wojcicki, Mateusz"]
[Result "0-1"]
[WhiteElo "1876"]
[BlackElo "1877"]
[PlyCount "90"]
[EventDate "2010.11.07"]
[EventType "team-tourn"]
[EventRounds "11"]
[EventCountry "POL"]
[SourceTitle "EXT 2019"]
[Source "ChessBase"]
[SourceDate "2018.10.10"]
[SourceVersion "1"]
[SourceVersionDate "2018.10.10"]
[SourceQuality "1"]

1. e4 c6 2. d4 d5 3. Nc3 dxe4 4. Nxe4 Nd7 5. Nf3 Ngf6 6. Nxf6+ Nxf6 7. Bd3 Bg4 8. c3 e6 9. h3 Bh5 10. Bg5 Be7 11. g4 Bg6 12. Qe2 Bxd3 13. Qxd3 Qd5 14. Rg1 0-0-0 15. Bxf6 gxf6 16. Qe3 Rhe8 17. 0-0-0 Qxa2 18. g5 Rd5 19. Kc2 Qa4+ 20. Kd2 Qa2 21. Rb1 fxg5 22. Ne5 f6 23. Nd3 Kd7 24. Ra1 Qb3 25. Rgc1 Qb6 26. Kc2 a6 27. Re1 c5 28. dxc5 Bxc5 29. Nxc5+ Qxc5 30. Qf3 f5 31. Re2 Re7 32. b3 Kc7 33. Qg3+ f4 34. Qg4 Rd6 35. Ra4 Rc6 36. Rc4 Qd5 37. Rce4 Rd7 38. Kb2 Qf5 39. Qf3 Rd5 40. c4 Qf6+ 41. Kc2 Rb5 42. Rd2 Qa1 43. Kd3 Rd6+ 44. Ke2 Rxd2+ 45. Kxd2 Qb2+ 0-1

[Event "POL-chT4 Kujawsko Pomorskie 0910"]
[Site "Poland"]
[Date "2010.02.07"]
[Round "7.21"]
[White "Wojcicki, Mateusz"]
[Black "Kiedrowski, Albin"]
[Result "1/2-1/2"]
[WhiteElo "1840"]
[BlackElo "1832"]
[PlyCount "97"]
[EventDate "2009.11.08"]
[EventType "team-swiss"]
[EventRounds "11"]
[EventCountry "POL"]
[SourceTitle "EXT 2020"]
[Source "ChessBase"]
[SourceDate "2019.10.17"]
[SourceVersion "1"]
[SourceVersionDate "2019.10.17"]
[SourceQuality "1"]

1. e4 c5 2. Nf3 d6 3. d4 cxd4 4. Nxd4 Nf6 5. Nc3 a6 6. Be2 e6 7. 0-0 Be7 8. Kh1 0-0 9. f4 Qc7 10. Nf3 Nbd7 11. Bd3 b5 12. a3 Bb7 13. h3 Nc5 14. Qe1 d5 15. e5 Nfe4 16. Bxe4 Nxe4 17. Nxe4 dxe4 18. Nd4 Bc5 19. c3 Bxd4 20. cxd4 Rac8 21. Be3 Qd7 22. Rc1 Rxc1 23. Qxc1 Rc8 24. Qd2 Rc4 25. Kh2 g6 26. g4 Qc7 27. Rf2 Bc8 28. Kg3 a5 29. f5 exf5 30. Bg5 b4 31. axb4 Rxb4 32. Bf6 Kf8 33. Qh6+ Ke8 34. Qxh7 Be6 35. gxf5 Rb3+ 36. Kh2 gxf5 37. Qh8+ Kd7 38. Qf8 f4 39. Qe7+ Kc8 40. Qxc7+ Kxc7 41. Rxf4 Rxh3+ 42. Kg2 Rb3 43. Rf2 a4 44. Be7 Kc6 45. Rc2+ Kb5 46. Ba3 Rd3 47. Rc5+ Kb6 48. Rc2 Kb5 49. Bc5 1/2-1/2

[Event "Chojnice op-B"]
[Site "Chojnice"]
[Date "2009.07.16"]
[Round "8"]
[White "Wojcicki, Mateusz"]
[Black "Choinski, Lukasz"]
[Result "1-0"]
[WhiteElo "1824"]
[BlackElo "1812"]
[PlyCount "61"]
[EventDate "2009.07.11"]
[EventType "swiss"]
[EventRounds "9"]
[EventCountry "POL"]
[SourceTitle "EXT 2011"]
[Source "ChessBase"]
[SourceDate "2010.11.26"]
[SourceVersion "1"]
[SourceVersionDate "2010.11.26"]
[SourceQuality "1"]

1. e4 e5 2. Nf3 Nc6 3. Bb5 a6 4. Bxc6 dxc6 5. 0-0 Bd6 6. c3 c5 7. d4 cxd4 8. cxd4 Bg4 9. dxe5 Bxf3 10. Qxf3 Bxe5 11. Qb3 b6 12. f4 Bd4+ 13. Be3 Bxe3+ 14. Qxe3 Nf6 15. Nc3 0-0 16. Rad1 Qe7 17. Kh1 Rfd8 18. e5 c5 19. Qe2 Ne8 20. Nd5 Qb7 21. Qf3 Kf8 22. f5 Nc7 23. Nxc7 Qxc7 24. Rde1 Ra7 25. f6 Re8 26. Qf5 g6 27. Qg5 Re6 28. Qh6+ Ke8 29. Qxh7 Kd8 30. Qg8+ Re8 31. Rd1+ 1-0

[Event "Chojnice op-B 4th"]
[Site "Chojnice"]
[Date "2008.07.16"]
[Round "7"]
[White "Wojcicki, Mateusz"]
[Black "Sciwiarski, Mariusz"]
[Result "1/2-1/2"]
[WhiteElo "1878"]
[BlackElo "1898"]
[PlyCount "87"]
[EventDate "2008.07.12"]
[EventType "swiss"]
[EventRounds "9"]
[EventCountry "POL"]
[SourceTitle "EXT 2018"]
[Source "ChessBase"]
[SourceDate "2017.10.13"]
[SourceVersion "1"]
[SourceVersionDate "2017.10.13"]
[SourceQuality "1"]

1. e4 c5 2. Nc3 e6 3. g3 Nc6 4. Bg2 d6 5. f4 Nf6 6. Nf3 Be7 7. d3 a6 8. 0-0 Qc7 9. Be3 Ng4 10. Qe2 Nxe3 11. Qxe3 Bf6 12. Kh1 h5 13. h3 Bd7 14. a3 Nd4 15. Qd2 Rc8 16. Rab1 Nxf3 17. Bxf3 b5 18. Ne2 e5 19. Bg2 Bc6 20. fxe5 dxe5 21. Qe3 Qd6 22. c4 Rd8 23. Rfd1 Be7 24. Nc3 Qh6 25. Qf3 0-0 26. Nd5 Bd6 27. Rf1 Bxd5 28. cxd5 a5 29. b3 Rd7 30. Qe2 Rb8 31. Rf5 g6 32. Rf6 Rbb7 33. h4 Be7 34. Rc6 Rdc7 35. Rxc7 Rxc7 36. a4 b4 37. Rf1 Qf8 38. Bh3 Qg7 39. Bg2 Ra7 40. Bf3 Qh6 41. Kg2 Qg7 42. Qf2 Ra6 43. Rh1 Rf6 44. Qe2 1/2-1/2

[Event "Chojnice op-B 4th"]
[Site "Chojnice"]
[Date "2008.07.14"]
[Round "3"]
[White "Wojcicki, Mateusz"]
[Black "Sobkowski, Krzysztof"]
[Result "1/2-1/2"]
[WhiteElo "1878"]
[BlackElo "1558"]
[PlyCount "67"]
[EventDate "2008.07.12"]
[EventType "swiss"]
[EventRounds "9"]
[EventCountry "POL"]
[SourceTitle "EXT 2018"]
[Source "ChessBase"]
[SourceDate "2017.10.13"]
[SourceVersion "1"]
[SourceVersionDate "2017.10.13"]
[SourceQuality "1"]

1. e4 c5 2. Nc3 Nc6 3. g3 d6 4. Bg2 Nf6 5. f4 Bg4 6. Nf3 Nd4 7. d3 e6 8. 0-0 h5 9. h3 Nxf3+ 10. Bxf3 Bxh3 11. Bg2 Bxg2 12. Kxg2 d5 13. f5 e5 14. Bg5 d4 15. Bxf6 Qxf6 16. Nd5 Qd8 17. Rh1 h4 18. Qg4 h3+ 19. Rxh3 Rxh3 20. Qxh3 Qd7 21. Qh4 f6 22. Qh5+ Kd8 23. a4 Rb8 24. b3 Qe8 25. Rh1 Qxh5 26. Rxh5 Ke8 27. g4 Kf7 28. g5 fxg5 29. Rxg5 Rd8 30. Nc7 Be7 31. Rh5 b6 32. Nb5 Ra8 33. Nc7 Rc8 34. Nb5 1/2-1/2

[Event "Chojnice op-B 4th"]
[Site "Chojnice"]
[Date "2008.07.13"]
[Round "2"]
[White "Nawrocki, Przemyslaw"]
[Black "Wojcicki, Mateusz"]
[Result "1-0"]
[WhiteElo "1997"]
[BlackElo "1878"]
[PlyCount "78"]
[EventDate "2008.07.12"]
[EventType "swiss"]
[EventRounds "9"]
[EventCountry "POL"]
[SourceTitle "EXT 2018"]
[Source "ChessBase"]
[SourceDate "2017.10.13"]
[SourceVersion "1"]
[SourceVersionDate "2017.10.13"]
[SourceQuality "1"]

1. d4 d5 2. Nf3 Nf6 3. c4 c6 4. Nc3 Nbd7 5. cxd5 cxd5 6. Bf4 e6 7. Qa4 Nh5 8. Bg3 Be7 9. e3 0-0 10. Bd3 Nb6 11. Qc2 h6 12. Ne5 Nxg3 13. hxg3 Bd6 14. Qe2 Bxe5 15. dxe5 f5 16. exf6 Qxf6 17. 0-0 Bd7 18. e4 Qg5 19. e5 Be8 20. Nb5 Bg6 21. Nc7 Bxd3 22. Qxd3 Qxe5 23. Nxa8 Rxa8 24. b3 Qd6 25. Qg6 Nd7 26. Rfe1 Nf8 27. Qh5 Qb6 28. Qe5 Rd8 29. Rac1 Rd7 30. Rc8 Rf7 31. Re2 Kh7 32. g4 a6 33. Re8 Qb5 34. Rc8 Qb6 35. g5 Rf5 36. Qc3 d4 37. Qd3 Ng6 38. Re4 e5 39. gxh6 gxh6 1-0

[Event "POL-chT4 Kujawsko Pomorskie 0708"]
[Site "Poland"]
[Date "2008.03.30"]
[Round "10.14"]
[White "Matusiak, Andrzej1"]
[Black "Wojcicki, Mateusz"]
[Result "1/2-1/2"]
[WhiteElo "1779"]
[BlackElo "1850"]
[PlyCount "70"]
[EventDate "2007.11.04"]
[EventType "team-tourn"]
[EventRounds "11"]
[EventCountry "POL"]
[SourceTitle "EXT 2019"]
[Source "ChessBase"]
[SourceDate "2018.10.10"]
[SourceVersion "1"]
[SourceVersionDate "2018.10.10"]
[SourceQuality "1"]

1. e4 c6 2. d4 d5 3. e5 Bf5 4. Bd3 Bxd3 5. Qxd3 e6 6. Ne2 Qb6 7. b3 c5 8. c3 Nc6 9. Ba3 Be7 10. f4 cxd4 11. Bxe7 Ngxe7 12. Nxd4 Nxd4 13. Qxd4 Qxd4 14. cxd4 Nf5 15. Kd2 Nxd4 16. Nc3 a6 17. Rac1 b5 18. Ne2 Nxe2 19. Kxe2 Kd7 20. Rc5 Rhc8 21. Rhc1 Rxc5 22. Rxc5 Rc8 23. Rxc8 Kxc8 24. Kd3 Kd7 25. Kd4 Kc6 26. b4 f6 27. g4 Kd7 28. h3 Ke7 29. a3 Kf7 30. h4 fxe5+ 31. Kxe5 Kg6 32. Kxe6 d4 33. f5+ Kh6 34. g5+ Kh5 35. f6 gxf6 1/2-1/2

[Event "POL-chT4 Kujawsko Pomorskie 0708"]
[Site "Poland"]
[Date "2007.12.16"]
[Round "4.32"]
[White "Marchlewicz, Damian"]
[Black "Wojcicki, Mateusz"]
[Result "1/2-1/2"]
[WhiteElo "1811"]
[BlackElo "1850"]
[PlyCount "60"]
[EventDate "2007.11.04"]
[EventType "team-tourn"]
[EventRounds "11"]
[EventCountry "POL"]
[SourceTitle "EXT 2019"]
[Source "ChessBase"]
[SourceDate "2018.10.10"]
[SourceVersion "1"]
[SourceVersionDate "2018.10.10"]
[SourceQuality "1"]

1. d4 d5 2. c4 e5 3. dxe5 d4 4. Nf3 Nc6 5. Nbd2 Be6 6. g3 Bb4 7. a3 Bxd2+ 8. Bxd2 Bxc4 9. Rc1 Bd5 10. Bf4 Bxf3 11. exf3 Nge7 12. Bc4 Ng6 13. Qb3 Ngxe5 14. Bxe5 Nxe5 15. 0-0 0-0 16. f4 Nxc4 17. Qxc4 Rc8 18. Rfe1 c5 19. Re5 b6 20. Kf1 Qd7 21. f5 b5 22. Rd5 Qb7 23. Qb3 a6 24. Rcxc5 Rxc5 25. Rxc5 Qh1+ 26. Ke2 Re8+ 27. Kd3 Qf3+ 28. Kc2 Qxf2+ 29. Kd3 Re3+ 30. Kxd4 Qd2+ 1/2-1/2

[Event "POL-chT4 Kujawsko Pomorskie 0708"]
[Site "Poland"]
[Date "2007.11.18"]
[Round "2.32"]
[White "Wojcicki, Mateusz"]
[Black "Paluszkiewicz, Pawel"]
[Result "1-0"]
[WhiteElo "1850"]
[BlackElo "1832"]
[PlyCount "75"]
[EventDate "2007.11.04"]
[EventType "team-tourn"]
[EventRounds "11"]
[EventCountry "POL"]
[SourceTitle "EXT 2019"]
[Source "ChessBase"]
[SourceDate "2018.10.10"]
[SourceVersion "1"]
[SourceVersionDate "2018.10.10"]
[SourceQuality "1"]

1. e4 c6 2. d4 d5 3. Nc3 dxe4 4. Nxe4 Bf5 5. Ng3 Bg6 6. h4 h6 7. Nf3 Nd7 8. h5 Bh7 9. Bd3 Bxd3 10. Qxd3 Ngf6 11. c3 e6 12. Be3 Bd6 13. Ne4 Nxe4 14. Qxe4 Nf6 15. Qd3 Qc7 16. 0-0-0 0-0-0 17. Nd2 Bf4 18. Qe2 Nd5 19. Kb1 Qb6 20. Nb3 a5 21. c4 Nxe3 22. fxe3 Bc7 23. Nc5 e5 24. Qg4+ Kb8 25. Nd7+ Rxd7 26. Qxd7 Rd8 27. Qg4 Qb4 28. Qe2 Re8 29. d5 e4 30. dxc6 bxc6 31. Rd7 Be5 32. Rhd1 a4 33. a3 Qb6 34. Rxf7 Ka8 35. Qc2 Qa5 36. Qxe4 Qb6 37. Rd2 Rb8 38. Qxe5 1-0

[Event "Chojnice op-B 3rd"]
[Site "Chojnice"]
[Date "2007.07.20"]
[Round "9.8"]
[White "Marczuk, Dominik"]
[Black "Wojcicki, Mateusz"]
[Result "0-1"]
[WhiteElo "1723"]
[BlackElo "1849"]
[PlyCount "140"]
[EventDate "2007.07.13"]
[EventType "swiss"]
[EventRounds "9"]
[EventCountry "POL"]
[SourceTitle "EXT 2023"]
[Source "ChessBase"]
[SourceDate "2022.10.05"]
[SourceVersion "1"]
[SourceVersionDate "2022.10.05"]
[SourceQuality "1"]

1. e4 c6 2. d4 d5 3. e5 Bf5 4. Bd3 Bxd3 5. Qxd3 e6 6. Nf3 a6 7. Nbd2 c5 8. c3 Nc6 9. a3 Rc8 10. 0-0 cxd4 11. cxd4 Nge7 12. Rd1 Qb6 13. Nf1 Na5 14. N1d2 Nc4 15. Nxc4 dxc4 16. Qc2 Qc6 17. Bd2 Nd5 18. Rac1 Be7 19. Ne1 b5 20. g3 0-0 21. Ng2 Qb6 22. Ne3 Qxd4 23. Bb4 Nxb4 24. Rxd4 Nxc2 25. Rxc2 Bc5 26. Rd7 Bxe3 27. fxe3 Rfd8 28. Rcd2 Rxd7 29. Rxd7 g6 30. Rd6 a5 31. Ra6 a4 32. Kf2 c3 33. bxc3 Rxc3 34. Rb6 Rc5 35. Kf3 Rxe5 36. Kf4 Rc5 37. Ke4 Rc3 38. Rxb5 Rxa3 39. Ra5 Ra1 40. h4 h5 41. Ra7 a3 42. Kf3 a2 43. Kg2 Kg7 44. Kh2 Kf6 45. Ra5 e5 46. Kg2 Kf5 47. Ra4 f6 48. Kh2 Re1 49. Rxa2 Rxe3 50. Rf2+ Ke6 51. Kg2 e4 52. Ra2 Kf5 53. Rf2+ Rf3 54. Rxf3+ exf3+ 55. Kxf3 Ke5 56. Ke3 g5 57. hxg5 fxg5 58. Kd3 Kf5 59. Ke3 Kg4 60. Kf2 Kh3 61. Kf3 g4+ 62. Kf2 Kh2 63. Kf1 Kxg3 64. Kg1 Kf3 65. Kh2 Kf2 66. Kh1 h4 67. Kh2 g3+ 68. Kh1 g2+ 69. Kh2 g1Q+ 70. Kh3 Qg3# 0-1

[Event "Chojnice op-B 3rd"]
[Site "Chojnice"]
[Date "2007.07.17"]
[Round "5.8"]
[White "Czapiewski, Waldemar"]
[Black "Wojcicki, Mateusz"]
[Result "1/2-1/2"]
[WhiteElo "1815"]
[BlackElo "1849"]
[PlyCount "61"]
[EventDate "2007.07.13"]
[EventType "swiss"]
[EventRounds "9"]
[EventCountry "POL"]
[SourceTitle "EXT 2023"]
[Source "ChessBase"]
[SourceDate "2022.10.05"]
[SourceVersion "1"]
[SourceVersionDate "2022.10.05"]
[SourceQuality "1"]

1. e4 c6 2. d4 d5 3. e5 Bf5 4. g4 Bd7 5. f4 e6 6. Nf3 c5 7. Nc3 Nc6 8. Be3 Qb6 9. Qd2 cxd4 10. Nxd4 Qd8 11. h4 Bb4 12. a3 Qa5 13. Nb3 Bxc3 14. Nxa5 Bxd2+ 15. Bxd2 Nxa5 16. Bxa5 Ne7 17. Bd3 b6 18. Bb4 g6 19. h5 a5 20. Bd6 Rg8 21. hxg6 hxg6 22. Bxe7 Kxe7 23. Rh7 Rh8 24. Bxg6 Rxh7 25. Bxh7 Rh8 26. Bd3 Rh1+ 27. Bf1 Bb5 28. Kf2 Bxf1 29. Rxf1 Rh2+ 30. Ke3 Rxc2 31. Rf2 1/2-1/2

[Event "Chojnice op-B 2nd"]
[Site "Chojnice"]
[Date "2006.??.??"]
[Round "6"]
[White "Wojcicki, Mateusz"]
[Black "Kucharski, Krzysztof"]
[Result "0-1"]
[WhiteElo "1600"]
[BlackElo "1800"]
[PlyCount "51"]
[EventDate "2006.07.??"]
[EventType "swiss"]
[EventRounds "9"]
[EventCountry "POL"]
[SourceTitle "EXT 2007"]
[Source "ChessBase"]
[SourceDate "2006.11.23"]
[SourceVersion "1"]
[SourceVersionDate "2006.11.23"]
[SourceQuality "1"]

1. e4 e5 2. Nf3 Nc6 3. Bb5 a6 4. Bxc6 dxc6 5. h3 Bc5 6. 0-0 Qe7 7. d3 h6 8. Qe2 g5 9. Be3 g4 10. hxg4 Bxg4 11. Nbd2 Nf6 12. Rfe1 0-0-0 13. Qf1 Bxe3 14. Rxe3 Nh5 15. Nh2 Rhg8 16. Nxg4 Rxg4 17. g3 Rdg8 18. Qg2 Nf4 19. Qh1 Rh4 20. Qf3 Qe6 21. Kf1 Qh3+ 22. Ke1 Qh1+ 23. Qxh1 Rxh1+ 24. Nf1 Ng2+ 25. Ke2 Nxe3 26. Kxe3 0-1

[Event "Chojnice op-B 2nd"]
[Site "Chojnice"]
[Date "2006.??.??"]
[Round "4"]
[White "Wojcicki, Mateusz"]
[Black "Sciwiarski, Mariusz"]
[Result "1/2-1/2"]
[WhiteElo "1600"]
[BlackElo "1936"]
[PlyCount "86"]
[EventDate "2006.07.??"]
[EventType "swiss"]
[EventRounds "9"]
[EventCountry "POL"]
[SourceTitle "EXT 2007"]
[Source "ChessBase"]
[SourceDate "2006.11.23"]
[SourceVersion "1"]
[SourceVersionDate "2006.11.23"]
[SourceQuality "1"]

1. e4 c5 2. Nc3 e6 3. g3 d6 4. Bg2 a6 5. f4 Nf6 6. Nf3 Qc7 7. d3 Be7 8. 0-0 Nbd7 9. Re1 0-0 10. h3 Rb8 11. g4 b5 12. g5 Ne8 13. Nh2 f6 14. Qg4 Nb6 15. h4 b4 16. Nd1 fxg5 17. hxg5 g6 18. Qh4 e5 19. fxe5 dxe5 20. b3 Qd8 21. Nf2 h6 22. Qxh6 Qd6 23. Qh4 Ng7 24. Nf3 Ne6 25. Bb2 Nd4 26. Bxd4 cxd4 27. Qg3 Rf4 28. Bh3 Bxh3 29. Nxh3 Rf7 30. Rf1 Nd7 31. Rf2 Qe6 32. Raf1 Rbf8 33. Kg2 Rh7 34. Nd2 Rxf2+ 35. Rxf2 Rf7 36. Rxf7 Kxf7 37. Nc4 Bd8 38. Ng1 Bc7 39. Nf3 Kg8 40. Nxd4 exd4 41. Qxc7 Qg4+ 42. Qg3 Qe2+ 43. Qf2 Qg4+ 1/2-1/2